000 00659 c a2200205 4500
005 20150310120539.0
008 a071114s1984 sp a 000 0 spa u
020 _a8420005274
100 1 _aAllen, David
245 1 0 _aProducción planificada de vacuno de carne /
_cDavid Allen, Brian Kilkenny ; tr. José Fernández-Salguero.
250 _a1a ed.
260 _aZaragoza, España :
_bAcribia,
_c1984
300 _a240 p. :
_bil. ;
_c25 cm.
500 _aTraducción de : Planned beef production
504 _aincluye índice
650 4 _aGanado de carne vacuno
700 1 _aKilkenny, Brian, coaut.
942 _2lcc
_cLIB
999 _c55291
_d55291